000
00294nam a2200133Ia 4500
008
190216s9999||||xx |||||||||||||| ||und||
100
_a
Sekhar. Kc
245
0
_a
Banking
250
_a
2nd Ed.
260
_b
Kerala Bhasha Institute
_c
1981
300
_a
694
650
_a
Economics
942
_c
BK
999
_c
40397
_d
40397